Imiona polskich piłkarzy z gry FIFA 20 - Statystyki

Ogólne statystyki
  • Ten quiz został rozwiązany 1 962 razy
  • Średni wynik to 18 z 24
Statystyki odpowiedzi
Nazwisko Imię % Poprawnych
Lewandowski Robert
99%
Glik Kamil
96%
Szczęsny Wojciech
94%
Błaszczykowski Jakub
93%
Milik Arkadiusz
92%
Pazdan Michał
92%
Zieliński Piotr
92%
Grosicki Kamil
90%
Skorupski Łukasz
90%
Krychowiak Grzegorz
89%
Piątek Krzysztof
89%
Fabiański Łukasz
89%
Piszczek Łukasz
88%
Wilczek Kamil
86%
Kapustka Bartosz
85%
Bednarek Jan
84%
Teodorczyk Łukasz
84%
Jędrzejczyk Artur
83%
Boruc Artur
82%
Salamon Bartosz
81%
Bereszyński Bartosz
80%
Linetty Karol
80%
Rybus Maciej
78%
Tytoń Przemysław
75%
Czerwiński Jakub
74%
Klich Mateusz
73%
Cionek Thiago
73%
Sobiech Artur
71%
Parzyszek Piotr
70%
Frankowski Przemysław
66%
Kędziora Tomasz
65%
Drągowski Bartłomiej
59%
Kownacki Dawid
59%
Góralski Jacek
59%
Szymański Sebastian
59%
Bielik Krystian
58%
Kądzior Damian
53%
Żurkowski Szymon
53%
Gikiewicz Rafał
52%
Romaczuk Taras
52%
Mierzejewski Adrian
47%
Stępiński Mariusz
47%
Furman Dominik
46%
Lewczuk Igor
44%
Kurzawa Rafał
44%
Starzyński Filip
43%
Sobota Waldemar
40%
Kamiński Marcin
36%
Niezgoda Jarosław
33%
Gol Janusz
32%
Nie znaleziono quizów pasujących do podanych kryteriów
Rozkład punktacji
Procent ludzi z każdym wynikiem
Percentyl według liczby udzielonych odpowiedzi
Twoja historia wyników
Nie rozwiązałeś tego quizu